Acronymes - 4 lettres - P - Statistiques

Statistiques générales
  • Ce quiz a été pris 50 fois
  • Le résultat moyen est 12 sur 47
Statistiques - réponses
HINT ANSWER % Correct
Alpes
98%
Azur
98%
Côte
98%
PACA Provence
98%
PACS Pacte
55%
PCSI Physique
43%
PTSI Physique
43%
Sciences
43%
Sciences
43%
Ingénieur
41%
Ingénieur
41%
Civil
37%
Commun
37%
Chimie
35%
Grand
33%
PGCD Plus
33%
Technologie
27%
Diviseur
24%
Solidarité
24%
Intervention
16%
Sécurité
16%
PEPS Premier
14%
Premier
14%
Développement
12%
Environnement
12%
Gendarmerie
12%
PSIG Peloton
12%
Études
10%
Nations
10%
Nations
10%
PPTE Pays
10%
Unies
10%
Unies
10%
Entré
8%
Santé
8%
Sorti
8%
Année
6%
PESC Politique
6%
PAES Première
6%
Commune
4%
Surveillance
4%
Étrangère
2%
Endettés
0%
Pauvres
0%
PNUD Prgramme
0%
PNUE Prgramme
0%
Très
0%
Aucun quiz correspondant
Distribution des résultats
% des personnes avec chaque résultat
Percentile par nombre de réponses
Votre historique - résultats
Vous n’avez pas pris ce quiz